A multinacionális vállalatok kommunikációja
Elmentve itt :
| Szerző: | |
|---|---|
| További közreműködők: | |
| Dokumentumtípus: | Szakdolgozat |
| Megjelent: |
2004
|
| Tárgyszavak: | |
| Online Access: | http://diploma.bibl.u-szeged.hu/38332 |
| LEADER | 00555nta a2200157 i 4500 | ||
|---|---|---|---|
| 001 | dipl38332 | ||
| 005 | 20130405064955.0 | ||
| 008 | 130405s2004 hu om 0|| hun d | ||
| 040 | |a SZTE Diploma Repozitórium |b hun | ||
| 041 | |a hun | ||
| 100 | 1 | |a Blazsevácz Péter | |
| 245 | 1 | 2 | |a A multinacionális vállalatok kommunikációja |h [elektronikus dokumentum] / |c Péter Blazsevácz |
| 260 | |c 2004 | ||
| 650 | 4 | |a Bölcsészettudományok | |
| 700 | 1 | |a Zsolt Péter |e ths | |
| 856 | 4 | 0 | |u http://diploma.bibl.u-szeged.hu/id/eprint/38332/1/2004_blazsevacz_peter.pdf |z Dokumentum-elérés |